Geography Quiz

Random Geography or State Quiz

'R' States Blitz Quiz Stats

 Plays Quiz Updated Jun 26, 2018

Also try: 'P' States Blitz
Challenge
Share
Tweet
Embed
Score 0/21 Timer 01:30
22 Plays Today
% Correct
Florida
90.3%
North Carolina
89.8%
California
87.1%
Oregon
84.8%
Rhode Island
84.1%
Arizona
81.8%
Arkansas
81.7%
Georgia
81.3%
New York
81.1%
Virginia
81%
South Carolina
80%
% Correct
North Dakota
78.4%
Vermont
76.1%
West Virginia
75.6%
Colorado
73.8%
New Jersey
73.5%
New Hampshire
70.3%
Maryland
69.7%
Missouri
66.3%
Nebraska
64.7%
Delaware
64.5%

You're not logged in!

Compare scores with friends on all Sporcle quizzes.
Join for Free
OR
Log In

You Might Also Like...

Show Comments

Extras

Top Quizzes Today


Score Distribution

Your Account Isn't Verified!

In order to create a playlist on Sporcle, you need to verify the email address you used during registration. Go to your Sporcle Settings to finish the process.

Report this User

Report this user for behavior that violates our Community Guidelines.

Details: